ბათუმის შოთა რუსთაველის სახელმწიფო უნივერსიტეტის ბიბლიოთეკა

Клинический психоанализ:Интерсубьективный подход=PSYCHOANALYTIC TREATMENT. (ბიბ.ჩანაწერი № 44286)

000 -LEADER
fixed length control field 00926nam a2200241Ia 4500
001 - CONTROL NUMBER
control field 11044
003 - CONTROL NUMBER IDENTIFIER
control field GE_BSU
008 - FIXED-LENGTH DATA ELEMENTS--GENERAL INFORMATION
fixed length control field 181216s||||||||xx |||||||||||||| ||und||
020 ## - INTERNATIONAL STANDARD BOOK NUMBER
International Standard Book Number 9785893533293
040 ## - CATALOGING SOURCE
Transcribing agency GE_BSU
080 ## - UNIVERSAL DECIMAL CLASSIFICATION NUMBER
Universal Decimal Classification number 159.92
100 ## - MAIN ENTRY--PERSONAL NAME
Personal name Столороу,Роберт, Брандшафт,Бернанд,Атвуд,Джордж.
245 ## - TITLE STATEMENT
Title Клинический психоанализ:Интерсубьективный подход=PSYCHOANALYTIC TREATMENT.
245 ## - TITLE STATEMENT
Statement of responsibility, etc. Пер.с англ. М.Глущенкого и др. Ред.О.П.Шапошникова.
250 ## - EDITION STATEMENT
Edition statement 2-е изд,исправленное.
260 ## - PUBLICATION, DISTRIBUTION, ETC.
Place of publication, distribution, etc. Москва
260 ## - PUBLICATION, DISTRIBUTION, ETC.
Name of publisher, distributor, etc. Когито-Центр.
260 ## - PUBLICATION, DISTRIBUTION, ETC.
Date of publication, distribution, etc. 2011.
300 ## - PHYSICAL DESCRIPTION
Extent 256стр,22см.
653 ## - INDEX TERM--UNCONTROLLED
Uncontrolled term Клинический психоанализ:Интерсубьективный подход=PSYCHOANALYTIC TREATMENT.
942 ## - ADDED ENTRY ELEMENTS (KOHA)
Koha item type წიგნი
ეგზემპლარები
Withdrawn status Lost status Damaged status Not for loan Date acquired Barcode Date last seen Price effective from Koha item type
        2018-12-17 35347 2018-12-17 2018-12-17 წიგნი
        2018-12-17 35348 2018-12-17 2018-12-17 წიგნი